=LDR 00000nam 2200000 4500 =001 INLIS000000000025201 =005 20200518081631 =035 ##$$a 0010-061300000025201 =008 200518################g##########0#ind## =041 ##$$a Ind =082 ##$$a 2x4 =090 ##$$a 2x4, Qarp =100 ##$$a Al-Qardhawi, Yusuf =245 1#$$a Prioritas amal islami : $b Kajian kontemporer tentang tata urutan beramal dalam tinjauan Al-Quran dan As- Sunnah /$c Dr. Yusuf Al-Qardhawi =260 ##$$a Surabaya :$b Manar Press,$c 1996 =300 ##$$a 161 hlm, ; $c 27 x 21 cm. =650 #4$$a Ibadah =850 ##$$a NBPNMAT =084 ##$$a 2x4 Qar p =990 ##$$a 106.056/Pb.96 =990 ##$$a 106.057/Pb-96